000 00308nam a22000977a 4500
008 200907b ||||| |||| 00| 0 eng d
100 _aH. R. Harmer Auctions
245 _aBert Boonstra Coll. of the Pan-American Exposition (auction#3023 Oct 2018)
260 _bH.R. Harmer
_c2018
650 _aPan American Expositon
999 _c3088
_d3088